The Central kiloparsec of starbursts and AGN (Record no. 14627)

MARC details
000 -LEADER
fixed length control field 01015nam a2200277Ia 4500
003 - CONTROL NUMBER IDENTIFIER
control field IN-BaIIA
008 - FIXED-LENGTH DATA ELEMENTS--GENERAL INFORMATION
fixed length control field 211028s9999 xx 000 0 eng d
020 ## - INTERNATIONAL STANDARD BOOK NUMBER
International Standard Book Number 1-58381-089-7
040 ## - CATALOGING SOURCE
Transcribing agency IIA Library
080 ## - UNIVERSAL DECIMAL CLASSIFICATION NUMBER
Universal Decimal Classification number 082.2:52
Item number ASP-249
111 ## - MAIN ENTRY--MEETING NAME
Meeting name or jurisdiction name as entry element Conference on the Central Kiloparsec of Starbursts and AGN
Location of meeting La Palma, Spain
Date of meeting or treaty signing 2000 May 7-11
9 (RLIN) 26062
245 #4 - TITLE STATEMENT
Title The Central kiloparsec of starbursts and AGN
Remainder of title the La Palma connection; proceedings of a conference held in La Palma, Spain, May 7-11, 2001
Statement of responsibility, etc. edited by J. H. Knapen…[et al.]
260 ## - PUBLICATION, DISTRIBUTION, ETC.
Place of publication, distribution, etc. California
Name of publisher, distributor, etc. Astronomical Society of the Pacific
Date of publication, distribution, etc. 2001
300 ## - PHYSICAL DESCRIPTION
Extent xxv, 746p.
490 ## - SERIES STATEMENT
Series statement ASP conference series; v. 249
650 ## - SUBJECT ADDED ENTRY--TOPICAL TERM
Topical term or geographic name entry element Black holes
9 (RLIN) 7728
650 ## - SUBJECT ADDED ENTRY--TOPICAL TERM
Topical term or geographic name entry element Galaxies
9 (RLIN) 1286
650 ## - SUBJECT ADDED ENTRY--TOPICAL TERM
Topical term or geographic name entry element Spectroscopy
9 (RLIN) 1535
650 ## - SUBJECT ADDED ENTRY--TOPICAL TERM
Topical term or geographic name entry element Star formation
650 ## - SUBJECT ADDED ENTRY--TOPICAL TERM
Topical term or geographic name entry element Starbursts
9 (RLIN) 24658
700 ## - ADDED ENTRY--PERSONAL NAME
Personal name Beckman, J. E., ed.
9 (RLIN) 12633
700 ## - ADDED ENTRY--PERSONAL NAME
Personal name Knapen, J. H., ed.
9 (RLIN) 26063
700 ## - ADDED ENTRY--PERSONAL NAME
Personal name Mahoney, T. J., ed.
700 ## - ADDED ENTRY--PERSONAL NAME
Personal name Shlosman, I., ed.
9 (RLIN) 21982
942 ## - ADDED ENTRY ELEMENTS (KOHA)
Koha item type Books
Holdings
Withdrawn status Lost status Damaged status Not for loan Home library Current library Shelving location Date acquired Total Checkouts Full call number Barcode Date last seen Date last checked out Price effective from Koha item type
        IIA Library-Bangalore IIA Library-Bangalore General Stacks 08/05/2002 1 082.2:52/ ASP-249 15549 29/12/2023 28/10/2023 08/05/2002 Books

Powered by Koha